000 00655nam a2200265Ia 4500
005 20260121165139.0
008 008 260114s9999 xx 000 0 eng d
020 _a9781349950287
037 _aEBOOK
040 _aCRL
040 _beng
040 _cCRL
041 _2eng
041 _aeng
084 _qCRL
100 _aElisabetta Tollardo
_91048101
245 0 _aFascist Italy and the League of Nations, 1922-1935
260 _bSpringer
260 _bSpringer
260 _c2016
856 _uhttps://link.springer.com/openurl?genre=book&isbn=978-1-349-95028-7
942 _cEBOOK
999 _c1613826
_d1613826